| 000 | 00893nam a2200217 a 4500 | ||
|---|---|---|---|
| 005 | 20240928063749.0 | ||
| 008 | 010611s2000 mx r 000 0 spa d | ||
| 020 | _a9701027124 | ||
| 035 | _aUPN01000143999 | ||
| 049 | _aCG | ||
| 050 | 4 |
_aHF5386 _bT3.3 |
|
| 100 | 1 |
_aTaylor, Don, _d1946- |
|
| 245 | 1 | 0 |
_aCompita contra los grandes : _bcómo evitar que los grandes centros comerciales desplacen a los pequeños negocios : el verdadero ambiente de las ventas al detalle / _cDon Taylor, Jeanne Smalling Archer ; tr. Rosa María Rosas Sánchez. |
| 260 |
_aMéxico : _bMcGraw-Hill, _cc2000. |
||
| 300 | _axi, 265 p. | ||
| 534 |
_pTraducción de: _tUp Againts the Wal-Marts: How Your Business Can Prosper in the Shadow of the Retail Giants |
||
| 650 | 4 |
_aEXITO EN LOS NEGOCIOS _94477 |
|
| 650 | 4 |
_aEmpresas _xAdministración _9229 |
|
| 700 | 1 |
_aArcher, Jeanne Smalling, _ecoaut. |
|
| 905 | _aLibro | ||
| 999 |
_c116146 _d116146 |
||